000 00299nam a22001337a 4500
008 170315b xxu||||| |||| 00| 0 eng d
020 _a9788184731835
041 _aeng
080 _26 ed
_a611
100 _a7
101 _aSHM
245 _aCLINICALLY ORIENTED ANATOMY
_cMOORE.K.L
942 _2udc
_cBK
999 _c7884
_d7884